Normal view MARC view

Entry Personal Name

Number of records used in: 1

001 - CONTROL NUMBER

  • control field: 163038

003 - CONTROL NUMBER IDENTIFIER

  • control field: OSt

005 - DATE AND TIME OF LATEST TRANSACTION

  • control field: 20220923213409.0

008 - FIXED-LENGTH DATA ELEMENTS

  • fixed length control field: 220923|| aca||aabn | a|a d

040 ## - CATALOGING SOURCE

  • Original cataloging agency: OSt
  • Transcribing agency: OSt

100 ## - HEADING--PERSONAL NAME

  • Personal name: जैसवाल, श्याम मुरारी; अवस्थी, हरि कृष्ण, संपा

670 ## - SOURCE DATA FOUND

  • Source citation: Work cat.: (OSt)316143: जैसवाल, श्याम मुरारी; अवस्थी, हरि कृष्ण, संपा., जी पी श्रीवास्तव की कृतियों में हास्य विनोद, 1963
Copyright @ Delhi University Library System